101 Word games : (Record no. 12227)
[ view plain ]
| 000 -LEADER | |
|---|---|
| fixed length control field | 01207cam a22003375a 4500 |
| 001 - CONTROL NUMBER | |
| control field | 865499 |
| 003 - CONTROL NUMBER IDENTIFIER | |
| control field | EG-ScBUE |
| 005 - DATE AND TIME OF LATEST TRANSACTION | |
| control field | 20191204105226.0 |
| 008 - FIXED-LENGTH DATA ELEMENTS--GENERAL INFORMATION | |
| fixed length control field | 800102t1980 nyu f 001 0 eng d |
| 020 ## - INTERNATIONAL STANDARD BOOK NUMBER | |
| International Standard Book Number | 9780195027426 |
| 040 ## - CATALOGING SOURCE | |
| Original cataloging agency | DLC |
| Language of cataloging | eng |
| Description conventions | rda |
| Transcribing agency | EG-ScBUE |
| Modifying agency | EG-ScBUE |
| 082 04 - DEWEY DECIMAL CLASSIFICATION NUMBER | |
| Classification number | 407 |
| Item number | MCC |
| Edition number | 22 |
| 100 1# - MAIN ENTRY--PERSONAL NAME | |
| Personal name | McCallum, George P, |
| Relator term | author. |
| 9 (RLIN) | 7667 |
| 245 10 - TITLE STATEMENT | |
| Title | 101 Word games : |
| Remainder of title | for students of English as a second or foreign language / |
| Statement of responsibility, etc | George P. McCallum. |
| 246 3# - VARYING FORM OF TITLE | |
| Title proper/short title | One hundred and one word games : |
| Remainder of title | for students of English as a second or foreign language |
| 264 #1 - PUBLICATION, DISTRIBUTION, ETC. (IMPRINT) | |
| Place of publication, distribution, etc | New York ; |
| -- | Oxford : |
| Name of publisher, distributor, etc | Oxford University Press, |
| Date of publication, distribution, etc | [1980] |
| 264 #4 - PUBLICATION, DISTRIBUTION, ETC. (IMPRINT) | |
| Date of publication, distribution, etc | c 1980 |
| 300 ## - PHYSICAL DESCRIPTION | |
| Extent | xiv, 162 pages ; |
| Dimensions | 21 cm |
| 336 ## - CONTENT TYPE | |
| Source | rdacontent |
| Content type term | text |
| Content type code | txt |
| 337 ## - MEDIA TYPE | |
| Source | rdamedia |
| Media type term | unmediated |
| Media type code | n |
| 338 ## - CARRIER TYPE | |
| Source | rdacarrier |
| Carrier type term | volume |
| Carrier type code | nc |
| 500 ## - GENERAL NOTE | |
| General note | Includes index. |
| 500 ## - GENERAL NOTE | |
| General note | Includes appendix. |
| 590 ## - LOCAL NOTE (RLIN) | |
| Local note | nadeen magdy |
| 650 #7 - SUBJECT ADDED ENTRY--TOPICAL TERM | |
| Topical term or geographic name as entry element | English language |
| General subdivision | Study and teaching |
| -- | Foreign speakers |
| -- | Simulation methods. |
| Source of heading or term | BUEsh |
| 9 (RLIN) | 7668 |
| 650 #7 - SUBJECT ADDED ENTRY--TOPICAL TERM | |
| Topical term or geographic name as entry element | Word games. |
| Source of heading or term | BUEsh |
| 9 (RLIN) | 7670 |
| 650 #7 - SUBJECT ADDED ENTRY--TOPICAL TERM | |
| Topical term or geographic name as entry element | Second language acquisition. |
| Source of heading or term | BUEsh |
| 9 (RLIN) | 7669 |
| 653 ## - INDEX TERM--UNCONTROLLED | |
| Resource For college | Humanities: English |
| Arrived date list | August2018 |
| -- | July2019 |
| 655 ## - INDEX TERM--GENRE/FORM | |
| Form subdivision | Reading book |
| 942 ## - ADDED ENTRY ELEMENTS (KOHA) | |
| Source of classification or shelving scheme | Dewey Decimal Classification |
| Koha item type | Book - Borrowing |
| Withdrawn status | Lost status | Source of classification or shelving scheme | Damaged status | Not for loan | Collection code | Home library | Current library | Shelving location | Date acquired | Source of acquisition | Cost, normal purchase price | Serial Enumeration / chronology | Total Checkouts | Full call number | Barcode | Date last seen | Date checked out | Price effective from | Koha item type |
|---|---|---|---|---|---|---|---|---|---|---|---|---|---|---|---|---|---|---|---|
| Dewey Decimal Classification | Baccah | Central Library | Central Library | Second Floor | 07/07/2009 | 160.00 | 8139 | 1 | 407 MCC | 000017395 | 15/07/2025 | 26/10/2011 | 07/07/2009 | Book - Borrowing |